000 00696nam a2200229 a 4500
001 50168
003 BD-RjUL
005 20211209075453.0
008 160824s1956 enk 000 0 eng
035 _a(BD-RjUL)50288
040 _aBD-RjUL
_cBD-RjUL
_dDLC
_beng
041 _aeng
082 _a364.63
_223
_bGLP 1956
100 1 _aGlover, Elizabeth R.
_9150379
245 0 0 _aProbation and re-education :
_cElizabeth R. Glover; With a foreword by Constance Reaveley.
250 _a[2d ed. rev.]
260 _aLondon :
_bRoutledge & Paul,
_c1956
300 _axii, 292 p. ;
_b20 cm.
504 _aIncludes Bibliography: p. 286-287. and Index
650 0 _aProbation.
_9150380
942 _2ddc
_cBK
999 _c50168
_d50168